Quizz Aix-les-Bains - Statistiques

Statistiques générales
  • Ce quiz a été pris 5 fois
  • Le résultat moyen est 9 sur 10
Statistiques - réponses
Hint Réponse % Correct
Club de Basketball de la ville AMSB
100%
Endroit où chaque année il y a la fête foraine Esplanade
100%
Il y a eu une guerre avec ce quartier de Chambéry La zup
100%
Surnom du SDF qui restait devant le Monoprix L'égyptien
100%
Un rappeur marocain ayant fait un clip a 20M de vue sur YouTube Marou chenko
100%
Festival de musique chaque été Musilac
100%
Un chanteur/rappeur de confession juive qui habitait a la liberté Nafool
100%
Quartier où ce clip a été tourné Franklin
80%
Surnom du caissier de Vival (pas sur de l'orthographe) Kaze
80%
Ancien maire qui avait le nom d'un métaux Dominique Dord
40%
Aucun quiz correspondant
Distribution des résultats
% des personnes avec chaque résultat
Percentile par nombre de réponses
Votre historique - résultats
Vous n’avez pas pris ce quiz